| 000 -ლიდერი |
| ფიქსირებული სიგრძის საკონტროლო ველი |
00900nam a22001697a 4500 |
| 003 - საკონტროლო ნომრის იდენტიფიკატორი |
| საკონტროლო ველი |
Ge_BSU |
| 005 - ბოლო ოპერაციის თარიღი და დრო |
| საკონტროლო ველი |
20260217174202.0 |
| 008 - ფიქსირებული სიგრძის მონაცემთა ელემენტები - ზოგადი ინფორმაცია |
| ფიქსირებული სიგრძის საკონტროლო ველი |
260217s1964 ge ||||| |||| 00| 0 geo d |
| 041 ## - ენის კოდი |
| Language code of text/sound track or separate title |
geo |
| 080 ## - უნივერსალური ათობითი კლასიფიკაციის ინდექსი |
| Universal Decimal Classification number |
911.3:33(479.22) მ-44 |
| 245 ## - ცნობა სათაურის შესახებ |
| Title |
მახარაძე-ლანჩხუთის ქვერაიონის (გურიის) ეკონომიურ-გეოგრაფიული ნარკვევები / |
| Statement of responsibility, etc |
საქ. სსრ მეცნ. აკად., ვახუშტის სახ. გეოგრაფიის ინ-ტი. |
| 264 ## - წარმოების, გამოცემის, დისტრიბუციის და სხვა ცნობები |
| გამოცემის, წარმოების, დისტრიბუციის... ადგილი |
თბ. : |
| გამოცემის, წარმოების, დისტრიბუციის... სახელწოდება |
მეცნიერება, |
| გამოცემის, წარმოების, დისტრიბუციის... თარიღი |
1964. |
| 300 ## - ფიზიკური აღწერა |
| Extent |
227 გვ. ; |
| Other physical details |
22 სმ. |
| 500 ## - ზოგადი შენიშვნა |
| General note |
პარალ. სათ. რუსულ ენაზე |
| 653 ## - INDEX TERM--UNCONTROLLED |
| Uncontrolled term |
საქართველოს ეკონომიური გეოგრაფია |
| 942 ## - ADDED ENTRY ELEMENTS (KOHA) |
| Source of classification or shelving scheme |
|
| Koha item type |
წიგნი |